000 00368nam a2200133Ia 4500
008 240624s9999 xx 000 0 und d
041 _aeng
082 _a658.8 KRI
100 _aKRISHNAMACHARYULU C S G
245 _aCASES IN RURAL MARKETING AN INTEGRATED A
260 _c2007
_aNew Delhi
_bPearson Education
300 _avii, : 264 : p. : cm. ; 26
365 _cRS
_b33
999 _c24719
_d24719